000 00270nam a2200109Ia 4500
008 190216s9999||||xx |||||||||||||| ||und||
100 _aMarie Corelli
245 4 _aThe Murder Of Delicia
260 _bWilco Publishing House
_c1965
650 _aEnglish Novel
942 _cBK
999 _c12398
_d12398